| 000 | 01252nam0a22002771 4500 | ||
|---|---|---|---|
| 001 | rc\3337146 | ||
| 005 | 20260406205842.0 | ||
| 021 |
_aRU _b[75-53954] |
||
| 035 | _a(NLR Aleph) 007515457 | ||
| 090 |
_a7708728 _c7708728 |
||
| 100 | _a20130115d1974 |||y0rusy50 ca | ||
| 101 | 0 | _arus | |
| 102 | _aRU | ||
| 105 | _ay z ||||| | ||
| 200 | 1 |
_aТехника и технология буровзрывных работ _eСборник науч. трудов _fРед. Ю.Г. Карпович] _gМ-во угольной пром-сти СССР. Гос. науч.-исслед. и проектный ин-т угольной пром-сти "Укрниипроект" |
|
| 210 |
_aКиев _c[Укрниипроект] _d1974 |
||
| 215 |
_a64 с. _cграф. _d19 |
||
| 320 | _aСписок лит. в конце работ | ||
| 606 |
_aБуровзрывные работы _jСборники _2psbo |
||
| 702 | 1 |
_aКарпович _bЮ.Г. _4340 |
|
| 712 | 0 | 2 |
_aНаучно-исследовательский и проектный институт угольной промышленности _cКиев _3RU\NLR\AUTH\889966541 _9429436 |
| 801 | 0 |
_aRU _bNLR _gpsbo |
|
| 801 | 1 |
_aRU _bELAR _2rusmarc |
|
| 852 |
_aNLR _j75-4/13080 |
||
| 942 | _cBOOK | ||
| 980 | _aNB | ||